| 000 | 00914cab a2200169 4500 | ||
|---|---|---|---|
| 001 | ##L131273 | ||
| 008 | 051017n2005 000 0 eng u | ||
| 035 | _a(Sirsi) u131273 | ||
| 041 | 0 | _aeng | |
| 100 | 1 | _aEarly, Catherine | |
| 245 | 0 | 0 | _aSector benefits from ideals |
| 260 | 3 | _c2005 | |
| 490 | 0 |
_aPlanning (for the Natural and Built Environment) _v(1639) 7 October 2005, 15-16(2) |
|
| 520 | _aExamines the growing importance of transport consultancies as sustainable transport moves up the political agenda. Looks at their involvement throughout the whole transport planning process and points out that transport consultants are being drawn from an ever-wider pool of professional backgrounds. Presents the views of key players as to the future of this sector and the challenges to be faced. Lists the top 10 transport planning earners in 2003-04. | ||
| 690 |
_aPlanning and development _96259 |
||
| 942 | _n0 | ||
| 999 |
_c76013 _d76013 |
||